| 000 | 01213cac a22002891u 4500 | ||
|---|---|---|---|
| 090 | _c8624 | ||
| 008 | 081102t2005 xxu||||| |||| 00| 0 eng d | ||
| 010 | _a 2004013006 | ||
| 020 | _a0761926070 (cloth) | ||
| 020 | _a0761926089 (pbk.) | ||
| 082 | 0 | 0 |
_a001.42 _bMAX |
| 100 | _aMaxwell, Joseph Alex, | ||
| 245 | 1 | 0 |
_aQualitative research design : an interactive approach / _ban interactive approach / _cJoseph A. Maxwell. |
| 250 | _a2nd ed. | ||
| 260 |
_aThousand Oaks, CA : _bSage Publications, _cc2005. |
||
| 300 |
_axiv, 174p. : _bill. ; _c23 cm. |
||
| 440 | 0 |
_aApplied social research methods series ; _vno. 41 |
|
| 500 | _aDistributer: Bacca | ||
| 504 | _aIncludes bibliographical references (p. 159-166) and index. | ||
| 511 | _aCatalogued by: Sara | ||
| 650 | 0 |
_aResearch _xMethodology. |
|
| 856 | 4 | 1 |
_3Table of contents only _uhttp://www.loc.gov/catdir/toc/ecip0418/2004013006.html |
| 856 | 4 | 1 |
_3Publisher description _uhttp://www.loc.gov/catdir/enhancements/fy0657/2004013006-d.html |
| 856 | 4 | 1 |
_3Contributor biographical information _uhttp://www.loc.gov/catdir/enhancements/fy0739/2004013006-b.html |
| 942 |
_cBB _k001.42MAX _2ddc |
||
| 999 |
_c8624 _d8624 |
||